000 02260nam0a2200373 i 4500
001 RU\NLR\BIBL_A\010986542
005 20260408123307.0
010 _a9785871491805
_9500
021 _aRU
_b2016-10354
_9674
035 _a(NILC)RuMoRGB-008146840
035 _a(NLR Aleph) 010986542
090 _a10905278
_c10905278
100 _a20160225d2015 km y0rusy50 ca
101 0 _arus
102 _aRU
105 _aa|||z|||100yy
200 1 _aЗапись и воспроизведение объёмных изображений в кинематографе и других областях
_eVII международная научно-практическая конференция (Москва, 23-25 апреля 2015 года)
_eматериалы и доклады
_f[под общ. ред. О. Н. Раева]
210 _aМосква
_cВГИК
_d2015
215 _a303 с.
_cил., цв. ил.
_d22
300 _aВ надзаг.: М-во культуры Рос. Федерации, Всерос. гос. ун-т кинематографии им. С. А. Герасимова (ВГИК), Союз кинематографистов Рос. Федерации, Российская секция науч. о-ва инженеров кино и телевидения (SMPTE)
320 _aБиблиогр. в конце докл.
606 _aКиносъемка
_jСъезды, совещания и т.п
_91166547
_3RU\NLR\AUTH\66149761
606 1 _aКинопроекция
_jСъезды, совещания и т.п
_91134509
_3RU\NLR\AUTH\66450901
686 _aМ951я431(0)
_2rubbk
686 _aМ950.2я431(0)
686 _aМ950.5я431(0)
702 1 _aРаев
_bО. Н.
_gОлег Николаевич
_4340
711 1 2 _a"Запись и воспроизведение объемных изображений в кинематографе и других областях", международная научно-практическая конференция
_d7
_eМосква
_f2015
_9508277
_3RU\NLR\AUTH\880421684
801 0 _aRU
_bРГБ
_c20160215
_gRCR
801 1 _aRU
_bРГБ
_c20160215
_2rusmarc
942 _cBOOK
980 _aNBR